00532nam a22002057a 450000500170000001000110001702000100002803500110003803700160004904000120006508200170007710000240009424500450011826000330016327000130019630000240020950000200023365000390025365000340029220170124110015.0 a969732 c00.00 a969732 bCen Lib/Ret aDPLbEN a301.504bSOU aSoule, George Henry aTime for living /cby George Henry Soule aNew YorkbViking Pressc1955 bNew York avii,184p.c20cm(Hb) aIncludes index  aUnited States -- Social conditions aUnited States -- Civilization